LEADER 01436nam a2200325 a 4500 001 000000124114 003 CaOOAMICUS 005 20110131161321.0 008 110131t2010 it b u000 u ita r 040 $aPUL$bita 041 1 $aita$hfre 082 04$a920 100 1 $aMossé, Claude.$0(OLS)http://pul/name/74134 240 10$aPériclès. L'inventeur de la démocratie$lItaliano.$0(OLS)http://pul/title/156462 245 10$aPericle :$bl'inventore della democrazia /$cClaude Mossé ; traduzione di Barbara Gregori. 260 $aMilano :$bIl Sole 24 ore,$c©2010$aRoma ; Bari :$bEditori Laterza 300 $aviii, 278 p. :$bill., c. geogr. ;$c22 cm 490 1 $aGrandi biografie ;$v19 504 $aBibliografia p. [255]-257. 600 04$aPericles,$d499-429 B.C.$0(OLS)http://pul/subject/2943 700 1 $aGregori, Barbara.$0(OLS)http://pul/name/74152 830 0$aGrandi biografie ;$v19.$0(OLS)http://pul/title/155366 850 $aPUL 852 $aPUL$W1$xDP2 Filosofia 3$y112$m920 COLL 2.19$j142939$qDDC 21$B141928$CPULBib$Z2$F141928 $H115701 $82 941 1 $a9 996 $6082$a920$9(OLS)http://pul/classification/1661 996 $6245$aPericle :$bl'inventore della democrazia$9(OLS)http://pul/title/156461 996 $6260$aMilano :$bIl Sole 24 ore$9(OLS)http://pul/publisher/69212 996 $6260$aRoma ; Bari :$bEditori Laterza$9(OLS)http://pul/publisher/61082 LEADER 01399nam a2200349 a 4500 001 000000127593 003 CaOOAMICUS 005 20120209113814.0 008 120209s2010 it u000 u ita r 020 $a978-88-07-10454-1 040 $aPUL$bita 041 1 $aita$heng 082 04$a172.2 100 1 $aSandel, Michael.$0(OLS)http://pul/name/42124 240 10$aJustice.$lItaliano.$0(OLS)http://pul/title/161240 245 10$aGiustizia :$bil nostro bene comune /$cMichael Sandel ; traduzione di Tania Gargiulo. 260 $aMilano :$bFeltrinelli,$c2010. 300 $a332 p. ;$c22 cm. 490 1 $aCampi del sapere / Feltrinelli 500 $aInclude indice. 504 $aInclude riferimenti bibliografici. 650 4$aEtica politica.$0(OLS)http://pul/subject/17437 700 1 $aGargiulo, Tania.$0(OLS)http://pul/name/81415 830 0$aCampi del sapere (Feltrinelli).$0(OLS)http://pul/title/20268 850 $aPUL 852 $aPUL$W1$xSL Filosofia 3$y81$m172. 2 SANMI 1$j147635$qDDC 21$B146257$CPULBib$Z2$F146257 $H118759 $82 941 1 $a9 996 $6020$a978-88-07-10454-1$9(OLS)http://pul/number/148908 996 $6082$a172.2$9(OLS)http://pul/classification/2175 996 $6245$aGiustizia :$bil nostro bene comune$9(OLS)http://pul/title/161242 996 $6260$aMilano :$bFeltrinelli$9(OLS)http://pul/publisher/48846